Los prólogos de Pío Baroja / (Registro nro. 18734)

Detalles MARC
000 -LEADER
campo de control de longitud fija 00932nam a2200253 i 4500
001 - NÚMERO DE CONTROL
campo de control 18734
003 - IDENTIFICADOR DE NÚMERO DE CONTROL
campo de control ES-MaACL
005 - FECHA Y HORA DE LA ÚLTIMA TRANSACCIÓN
campo de control 20231222184206.0
007 - CAMPO FIJO DE DESCRIPCIÓN FÍSICA--INFORMACIÓN GENERAL
campo de control de longitud fija t|
008 - DATOS DE LONGITUD FIJA--INFORMACIÓN GENERAL
campo de control de longitud fija 020308s1996 sp ||||0| spa j
020 ## - NÚMERO INTERNACIONAL ESTÁNDAR DEL LIBRO
Número Internacional Estándar del Libro 84-7173-303-X
080 ## - NÚMERO DE LA CLASIFICACIÓN DECIMAL UNIVERSAL
Número de la Clasificación Decimal Universal 821.134.2 Baroja, Pío 2.06
100 1# - ENTRADA PRINCIPAL--NOMBRE DE PERSONA
Nombre de persona Urrutia Salaverria, Luis.
9 (RLIN) 112255
245 14 - MENCIÓN DEL TÍTULO
Título Los prólogos de Pío Baroja /
Mención de responsabilidad, etc. Luis Urrutia Salaverria ; presentación de Julio Caro Baroja.
260 ## - PUBLICACIÓN, DISTRIBUCIÓN, ETC.
Lugar de publicación, distribución, etc. Donostia-San Sebastián :
Nombre del editor, distribuidor, etc. Fundación Social y Cultural Kutxa,
Fecha de publicación, distribución, etc. 1996.
300 ## - DESCRIPCIÓN FÍSICA
Extensión XVI, 291 p. :
Otras características físicas il. ;
Dimensiones 24 cm.
490 1# - MENCIÓN DE SERIE
Mención de serie Col. "Monografías" ;
Designación de volumen o secuencia 42
600 14 - PUNTO DE ACCESO ADICIONAL DE MATERIA--NOMBRE DE PERSONA
Nombre de persona Baroja, Pío,
Fechas asociadas al nombre 1872-1956-
Subdivisión general Crítica e interpretación
9 (RLIN) 25756
700 1# - ENTRADA AGREGADA--NOMBRE PERSONAL
Nombre de persona Caro Baroja, Julio,
Fechas asociadas al nombre 1914-1995
9 (RLIN) 35403
710 2# - ENTRADA AGREGADA--NOMBRE DE ENTIDAD CORPORATIVA
Nombre de entidad corporativa o nombre de jurisdicción como elemento de entrada Instituto Dr. Camino de Historia Donostiarra.
9 (RLIN) 5025
830 0# - PUNTO DE ACCESO ADICIONAL DE SERIE-TÍTULO UNIFORME
Título uniforme Col. "Monografías" ;
Designación de volumen o secuencia 42
9 (RLIN) 226554
852 ## - LOCALIZACIÓN
Ubicación ES-MaACL
Número de control de estantería L-25311
Existencias
Estatus retirado Estado de pérdida Estado de daño No para préstamo Biblioteca de origen Biblioteca actual Ubicación en estantería Fecha de adquisición Fuente de adquisición Total de préstamos Signatura topográfica completa Código de barras Visto por última vez Precio de reemplazo Tipo de ítem Koha
        Biblioteca del Ateneo de Madrid Biblioteca del Ateneo de Madrid Depósito 2 17/01/2008     L-25311 1019171 23/02/2023 23/02/2023 Libro impreso